| 000 | 01177nam a22002411a 4500 | ||
|---|---|---|---|
| 001 | 18470 | ||
| 003 | OSt | ||
| 005 | 20260204212406.0 | ||
| 008 | 180118s2017||||dr ||||||b||||||||||spa|| | ||
| 090 | _aEDU-IN 2017 F71 | ||
| 100 | 1 |
_aFranco,Karen Lissette _esustentante |
|
| 245 | 1 | _aIntegración de los padres en los procesos de aprendizaje del nivel inicial, en las escuelas básicas Juan Sánchez Ramírez y Los Mineros, del Distrito Educativo 16-01/Karen Lissette Franco, Marleni Gracia y Juana Mercedes Acosta ; asesor Radhames Aquiles Guzman | |
| 260 |
_aCotuí, República Dominicana : _bUTECO, _c2017 |
||
| 300 |
_a80 hojas : _bIlustraciones ; _c28cm. |
||
| 502 | _aTrabajo de grado (Licenciatura en Educación Inicial)--Universidad Tecnológica del Cibao Oriental, 2017 | ||
| 504 | _aIncluye referencia bibliográfica e índice | ||
| 650 | 4 | _aIntegración de los padres en los procesos de aprendizaje | |
| 700 | 1 |
_a Gracia , Marleni _esustentante |
|
| 700 | 1 |
_a Mercedes Acosta, Juana _esustentante |
|
| 700 | 1 |
_a Aquiles Guzman, Radhames _e asesor |
|
| 830 | _aTesis y disertaciones académicas (Universidad Tecnológica del Cibao Oriental) | ||
| 942 |
_2LC _cTH |
||
| 999 |
_c18470 _d18470 |
||